IPL Winners- Sudden Death - Statistics

General Stats
  • This quiz has been taken 106 times
  • The average score is 6 of 8
Answers on the Grid
Answers color-coded by a green-red scale on the quiz's grid according to % correct below.
CSK
DC (Deccan Chargers)
DC (Delhi Capitals)
GL
GT
KKR
KTK
LSG
MI
PBKS
RCB
RPSG
RR
SRH
 
Answer Stats
Answer % Correct
MI
86%
RCB
80%
KKR
79%
CSK
77%
SRH
74%
GT
73%
DC (Deccan Chargers)
71%
RR
71%
No matching quizzes found
Score Distribution
Percent of People with Each Score
Percentile by Number Answered
Your Score History
You have not taken this quiz